| 000 | 00540nam a2200181Ia 4500 | ||
|---|---|---|---|
| 003 | OSt | ||
| 005 | 20200817124619.0 | ||
| 008 | 190216s9999||||xx |||||||||||||| ||und|| | ||
| 040 | _coclc | ||
| 082 |
_a546 _bPRA/A |
||
| 100 |
_aPrakash, Satya _94155 |
||
| 245 | 0 |
_aAdvanced Inorganic Chemistry / _cSatya Prakash ; G D Tuli ; S K Basu |
|
| 250 | _a15th Ed. | ||
| 260 |
_bShyamlal Charitable Trust, _c1976. _aNew Delhi: |
||
| 300 | _a894p | ||
| 650 | _aChemistry-Chemistry | ||
| 942 |
_cBK _2ddc _h546 _iPRA/A _k546 _mPRA/A |
||
| 999 |
_c2523 _d2523 |
||